1990s rap quiz - Statistics

General Stats
  • This quiz has been taken 71 times
  • The average score is 11 of 15
Answer Stats
Question Answer % Correct
Which rapper had his first hit in 1999, called "My Name Is"? Eminem
94%
In which year did 2Pac got murdered? 1996
87%
What is the name of Snoop Dogg's first album, released in 1993? Doggystyle
83%
Who are the two famous rappers in "California Love"? 2Pac, Dr. Dre
81%
Which famous rap group disbanded in 1991? N.W.A
81%
Which rapper released a famous disstrack called "No Vaseline" in 1991? Ice Cube
79%
What is the name of Coolio's and L.V's big hit from 1995? Gangsta's Paradise
78%
Which member of the group died in 1995? Eazy-E
76%
Which rap duo has songs called "Survival of the Fittest" and "Shook Ones, Pt II"? Mobb Deep
70%
Which rapper has a song called "Ruff Ryder's Anthem"? DMX
65%
What is the name of the big hit Warren G and Nate Dogg released in 1994? Regulate
65%
What is the name of Nas' album from 1994? Illmatic
63%
What is the name of the hip hop group that Biggie Smalls lead? Junior M.A.F.I.A.
62%
Which rap duo released an album called "Aquemini" in 1998? Outkast
57%
Which rapper released his first album called "Reasonable Doubt" in 1996? Jay-Z
48%
No matching quizzes found
Score Distribution
Percent of People with Each Score
Percentile by Number Answered
Your Score History
You have not taken this quiz